In the Shadow of the Sun /

Prafulla Roy (1934), escritor bengalí que inició a temprana edad su carrera literaria. Temas importantes en su literatura son la división de la India en 1947 y la pobreza rural. Se han filmado numerosas cintas basadas en su trabajo. Ha recibido el Premio de Literatura de la Academia Sahitya (2003).

Gorde:
Xehetasun bibliografikoak
Egile nagusia: Roy, Prafulla (autor)
Formatua: Liburua
Hizkuntza:ingelesa
Argitaratua: Nueva Delhi, India : Lotus Collection, 2004, c2004
Gaiak:
Etiketak: Etiketa erantsi
Etiketarik gabe, Izan zaitez lehena erregistro honi etiketa jartzen!

MARC

LEADER 00000nam^a2200000^a^4500
001 000184897
005 20250521000000.0
009 20260310102133.733
020 |a 81-7436-333-5 
037 |a Acervo ITESO - Biblioteca 
041 |a ING 
082 |a 891. 44  |b ROY 
100 |a Roy, Prafulla  |e (autor) 
245 1 0 |a In the Shadow of the Sun /  |c P. Roy ; introd. y tr. por John W. Hood. 
264 4 |a Nueva Delhi, India :  |b Lotus Collection,  |c 2004, c2004 
300 |a XXIII, 247 p. 
336 |a texto  |b txt  |2 rdacontenido 
337 |a sin mediación  |b n  |2 rdamedio 
338 |a volumen  |b nc  |2 rdasoporte 
520 |a Prafulla Roy (1934), escritor bengalí que inició a temprana edad su carrera literaria. Temas importantes en su literatura son la división de la India en 1947 y la pobreza rural. Se han filmado numerosas cintas basadas en su trabajo. Ha recibido el Premio de Literatura de la Academia Sahitya (2003). 
649 |a XX 
650 |a Cuentos Bengalíes 
650 |a Literatura Bengalí -  |y Siglo XXI 
910 |a Fondo General 
920 |a Impresos - Libros 
930 |a Colección General 
940 |a Literatura 
905 |a 101 
901 |a 0500125995  |b IT1  |c LIT  |u 20250521 
902 |a https://opac.biblio.iteso.mx/vufind/Record/000184897